000 00623nam a22002057a 4500
005 20170609142814.0
010 _aENG-118602
020 _a9788120353367
_c650.00
035 _aEN-102134
037 _bDABD/PUB
082 _a004.682
100 _aLonder,Olga
245 _aMicrosoft sharepoint2016 :
_cby Olga Londer [and] Penelope Coventry
_bStep by step
260 _aDelhi
_bPHI Learning
_c2017
270 _a111, Patparganj Industrial Estate
_bDelhi
_e110092
300 _axvi,559p.
_c24cm(pbk)
500 _aIncludes index
700 _aCoventry, Penelope
942 _2ddc
_cEN
_h004.682
_mOLG
999 _c140959
_d140959